000 00337nab a22001097u 4500
008 130520b1982 xxu||||| |||| 00| 0 spa d
041 _aspa
100 1 _aBrande, G. Van Den
_967256
245 0 0 _aPapel político de la diplomacia pontificia
_cG. van den Brande
773 0 _tConcilium
_gV.3,1982,págs.58-67
_x0210-1041
_wRev134
942 _cAR
999 _c354885
_d354885